<?xml version="1.0" encoding="UTF-8"?>
<collection xmlns="http://www.loc.gov/MARC21/slim">
 <record>
  <leader>00563pamaa2200169   4500</leader>
  <controlfield tag="001">0000023099</controlfield>
  <controlfield tag="005">20090130090000.0</controlfield>
  <datafield tag="020" ind1="0" ind2="0">
   <subfield code="a">0780348001 </subfield>
  </datafield>
  <datafield tag="082" ind1=" " ind2=" ">
   <subfield code="a">621.382  SMA 1998</subfield>
  </datafield>
  <datafield tag="090" ind1="0" ind2="0">
   <subfield code="a">TK7871.6 </subfield>
   <subfield code="b">SMA 1998</subfield>
  </datafield>
  <datafield tag="245" ind1="0" ind2="0">
   <subfield code="a">Smart antennas : </subfield>
   <subfield code="b">adaptive arrays, alogrithms &amp; wireless position location  </subfield>
   <subfield code="c">edited by Theodore S. Rappaport.</subfield>
  </datafield>
  <datafield tag="260" ind1="0" ind2="0">
   <subfield code="a">New Jersey: </subfield>
   <subfield code="b">IEEE Inc., </subfield>
   <subfield code="c">1998.</subfield>
  </datafield>
  <datafield tag="300" ind1=" " ind2=" ">
   <subfield code="a">555p.: </subfield>
   <subfield code="b">ill.; </subfield>
   <subfield code="c">27cm.</subfield>
  </datafield>
  <datafield tag="650" ind1="0" ind2="0">
   <subfield code="a">Adaptive antennas </subfield>
  </datafield>
  <datafield tag="650" ind1="0" ind2="0">
   <subfield code="a">Code division multiple acess </subfield>
  </datafield>
  <datafield tag="650" ind1="0" ind2="0">
   <subfield code="a">Wireless communication systems </subfield>
  </datafield>
  <datafield tag="700" ind1="1" ind2="1">
   <subfield code="a">Rappaport, </subfield>
   <subfield code="h">Theodore S. </subfield>
  </datafield>
 </record>
</collection>
